000 00921nam a2200277 a 4500
003 AR-BaBNM
005 20251128210352.0
008 082120s2002 ||||||||||||||000 | spa||
020 _a950-9574-15-5
040 _cAR-BaBNM
100 1 _aRussomando de Camilión, Patricia M.
245 0 0 _aTradiciones y creaciones culturales
_bel tratamiento de los actos, fiestas y conmemoraciones en el nivel inicial desde la investigacion social
260 _aBuenos Aires
_bEdiciones Pre-escolar
_c1998
300 _a349 p.
_bil., tablas, mapas
650 4 _aCALENDARIOS ESCOLARES
650 4 _aENSEÑANZA DE LAS CIENCIAS SOCIALES
650 4 _aTECNICAS DIDACTICAS
650 4 _aMETODOS DE ENSEÑANZA
650 4 _aACTIVIDADES DE APRENDIZAJE
653 _aEDUCACION INICIAL
653 _aACTOS ESCOLARES
653 _aUNIDADES DIDACTICAS
700 1 _aSesé de Navarro, Marcela I.
942 _cBK
998 _cRaquel
999 _c15174
_d15174